| 000 -ლიდერი |
| ფიქსირებული სიგრძის საკონტროლო ველი |
01878nam a2200289Ia 4500 |
| 001 - საკონტროლო ნომერი |
| საკონტროლო ველი |
20545 |
| 003 - საკონტროლო ნომრის იდენტიფიკატორი |
| საკონტროლო ველი |
GE_BSU |
| 005 - ბოლო ოპერაციის თარიღი და დრო |
| საკონტროლო ველი |
20210121170408.0 |
| 008 - ფიქსირებული სიგრძის მონაცემთა ელემენტები - ზოგადი ინფორმაცია |
| ფიქსირებული სიგრძის საკონტროლო ველი |
181216s2012||||ge |||||||||||||| ||geo|| |
| 020 ## - წიგნის საერთაშორისო სტანდარტული ნომერი |
| International Standard Book Number |
978-9941-0-5358-0 |
| 040 ## - კატალოგიზაციის წყარო |
| Transcribing agency |
GE_BSU |
| 041 ## - ენის კოდი |
| Language code of text/sound track or separate title |
geo |
| 080 ## - უნივერსალური ათობითი კლასიფიკაციის ინდექსი |
| Universal Decimal Classification number |
316.346.2(479.22) ბ-48 |
| 100 ## - მთავარი ჩანაწერი - პიროვნების სახელი |
| Personal name |
ბენდელიანი, ნანი |
| 9 (RLIN) |
10079 |
| 245 ## - ცნობა სათაურის შესახებ |
| Title |
გენდერული თანასწორობის შეფასება საქართველოში საერთაშორისო ინდექსების და რეიტინგების მიხედვით : |
| Remainder of title |
გაეროს ეროთობლივი პროექტი "გენდერული თანასწორობის ხელშეწყობისთვის საქართველოში / |
| Statement of responsibility, etc |
ნანი ბენდელიანი. |
| 264 ## - წარმოების, გამოცემის, დისტრიბუციის და სხვა ცნობები |
| გამოცემის, წარმოების, დისტრიბუციის... ადგილი |
თბილისი : |
| გამოცემის, წარმოების, დისტრიბუციის... სახელწოდება |
შპს ვესტა, |
| გამოცემის, წარმოების, დისტრიბუციის... თარიღი |
2012. |
| 300 ## - ფიზიკური აღწერა |
| Extent |
51, 41 გვ. : |
| Other physical details |
ცხრ., დიაგრ. ; |
| Dimensions |
30 სმ. |
| 490 ## - სერიის ცნობა |
| Series statement |
გენდერული თანასწორობის პროგრამა |
| 500 ## - ზოგადი შენიშვნა |
| General note |
წაღმა-უკუღმა წიგნი |
| 501 ## - შენიშვნა თანმხლებ მასალაზე |
| With note |
დანართები : გვ. 47-51, 37-41 |
| 504 ## - BIBLIOGRAPHY, ETC. NOTE |
| Bibliography, etc |
ბიბლიოგრ. : გვ. 44-46, 34-36 |
| 520 ## - SUMMARY, ETC. |
| Summary, etc |
|
| 546 ## - LANGUAGE NOTE |
| Language note |
ანგარიში ქართულ და ინგლისურ ენებზე |
| 653 ## - INDEX TERM--UNCONTROLLED |
| Uncontrolled term |
გენდერული თანასწორობის შეფასება საქართველოში საერთაშორისო ინდექსების და რეიტინგების მიხედვით |
| 653 ## - INDEX TERM--UNCONTROLLED |
| Uncontrolled term |
გენდერული თანასწორობა |
| 942 ## - ADDED ENTRY ELEMENTS (KOHA) |
| Koha item type |
წიგნი |
| Source of classification or shelving scheme |
|